| 000 | 00495nam a22001697a 4500 | ||
|---|---|---|---|
| 003 | OSt | ||
| 005 | 20130402194655.0 | ||
| 008 | 130402s2012 sp ||||| |||| 00| 0 spa d | ||
| 020 | _a9788499922256 | ||
| 040 | _cCDMR | ||
| 245 |
_aQueremos saber _b: cómo y por qué la crisis del periodismo nos afecta a todos _cCecilia Ballesteros ... [et.al] |
||
| 260 |
_aBarcelona _bDebate _c2012 |
||
| 300 | _a205 p. | ||
| 490 | 0 | _aDebate Actualidad | |
| 700 | 1 |
_93064 _aBallesteros, Cecilia |
|
| 942 |
_2udc _cMON |
||
| 999 |
_c6049 _d6049 |
||